[Event "IECG QD.2005.0.00084 email"]
[Site "IECG email"]
[Date "2005.12.25"]
[Round "?"]
[White "James, Michael"]
[Black "Dean, Murray"]
[Result "1-0"]
[WhiteElo "1475"]
[BlackElo "1425"]
[PlyCount "123"]
[EventDate "2005.12.25"]
[EventType "tourn (corr)"]
[EventRounds "2"]
[SourceTitle "Corr 2024"]
[Source "ChessBase"]
[SourceDate "2023.10.19"]
[SourceVersion "1"]
[SourceVersionDate "2023.10.19"]
[SourceQuality "1"]

1. e4 e5 2. Nf3 Nc6 3. Bb5 a6 4. Ba4 Nf6 5. 0-0 Be7 6. Re1 b5 7. Bb3 d6 8. d3 Na5 9. Bd2 Nxb3 10. axb3 0-0 11. Nc3 c6 12. Ne2 a5 13. Ng3 Re8 14. d4 Bg4 15. h3 Bxf3 16. Qxf3 exd4 17. Nf5 c5 18. Bg5 Qc7 19. c3 dxc3 20. bxc3 a4 21. c4 bxc4 22. bxa4 Reb8 23. Ra3 Ra6 24. Qg3 Kh8 25. Nxg7 Rg8 26. Nf5 Nxe4 27. Rxe4 Bxg5 28. Qc3+ f6 29. Re7 Qb8 30. Qf3 h6 31. Qd5 Ra7 32. Rxa7 Qxa7 33. Nxd6 Qb8 34. Rf3 Qb1+ 35. Kh2 Qb8 36. g3 Qa8 37. Qd1 Rg7 38. Nxc4 Qe4 39. Qd3 Re7 40. h4 Qxd3 41. Rxd3 Re4 42. Rc3 Bxh4 43. gxh4 Rxh4+ 44. Kg3 Rd4 45. a5 Rd7 46. Nb6 Rc7 47. Kf4 Kg7 48. Kf5 Kf7 49. Nd5 Rc6 50. Rb3 Rd6 51. Rb7+ Ke8 52. Nb6 Rd2 53. f4 h5 54. a6 Kf8 55. a7 Ra2 56. Kxf6 Kg8 57. a8R+ Rxa8 58. Nxa8 h4 59. Nb6 h3 60. Nd5 h2 61. Kg6 h1Q 62. Rb8# 1-0

[Event "IECG QE.2004.0.00068"]
[Site "IECG email"]
[Date "2004.04.27"]
[Round "?"]
[White "Barton Hunt, Steve"]
[Black "Dean, Murray"]
[Result "0-1"]
[WhiteElo "1300"]
[BlackElo "1300"]
[PlyCount "42"]
[EventDate "2004.04.27"]
[EventType "tourn (corr)"]
[EventRounds "6"]
[SourceTitle "Corr 2008"]
[Source "ChessBase"]
[SourceDate "2008.06.24"]
[SourceVersion "1"]
[SourceVersionDate "2008.06.24"]
[SourceQuality "1"]

1. d4 d5 2. c4 e6 3. Nc3 Nf6 4. Bg5 Be7 5. Nf3 0-0 6. e3 b6 7. Bd3 Bb7 8. 0-0 Nbd7 9. Re1 c5 10. cxd5 exd5 11. Nd2 Re8 12. Rc1 h6 13. Bh4 a6 14. a4 Bd6 15. e4 g5 16. e5 cxd4 17. exd6 Rxe1+ 18. Qxe1 Nc5 19. Bf5 dxc3 20. Bg3 cxd2 21. Qxd2 Nb3 0-1

[Event "IECG QE.2004.0.00068"]
[Site "IECG email"]
[Date "2004.04.27"]
[Round "?"]
[White "Mori, Roberto"]
[Black "Dean, Murray"]
[Result "0-1"]
[WhiteElo "1235"]
[BlackElo "1300"]
[PlyCount "62"]
[EventDate "2004.04.27"]
[EventType "tourn (corr)"]
[EventRounds "6"]
[SourceTitle "Corr 2008"]
[Source "ChessBase"]
[SourceDate "2008.06.24"]
[SourceVersion "1"]
[SourceVersionDate "2008.06.24"]
[SourceQuality "1"]

1. e4 c5 2. Nf3 Nc6 3. d4 cxd4 4. Nxd4 Nf6 5. Nc3 d6 6. Bb5 Bd7 7. 0-0 g6 8. f4 Qb6 9. Be3 a6 10. e5 dxe5 11. fxe5 Nxe5 12. Bxd7+ Nfxd7 13. Nd5 Qd6 14. Nc3 Nc4 15. Qf3 Nde5 16. Qxb7 Rb8 17. Qe4 f5 18. Nxf5 gxf5 19. Rxf5 e6 20. Rh5 Rxb2 21. Rd1 Qc7 22. Bf4 Bg7 23. Rxh7 Qb7 24. Rxh8+ Bxh8 25. Qxb7 Rxb7 26. Na4 Rb5 27. Nc3 Rb2 28. Ne4 Rxa2 29. Rb1 Ng6 30. Rb8+ Kd7 31. Nc5+ Kc6 0-1

[Event "IECG QE.2004.0.00068"]
[Site "IECG email"]
[Date "2004.04.27"]
[Round "?"]
[White "Wilson, Matthew R"]
[Black "Dean, Murray"]
[Result "0-1"]
[WhiteElo "1314"]
[BlackElo "1300"]
[PlyCount "56"]
[EventDate "2004.04.27"]
[EventType "tourn (corr)"]
[EventRounds "6"]
[SourceTitle "Corr 2008"]
[Source "ChessBase"]
[SourceDate "2008.06.24"]
[SourceVersion "1"]
[SourceVersionDate "2008.06.24"]
[SourceQuality "1"]

1. e4 e5 2. Nf3 Nc6 3. Bb5 a6 4. Ba4 Nf6 5. 0-0 d6 6. Re1 b5 7. Bb3 Be7 8. c3 Na5 9. Bc2 c5 10. h3 0-0 11. d4 Qc7 12. Nbd2 cxd4 13. cxd4 Bd7 14. Nf1 Rac8 15. Bb1 exd4 16. Nxd4 Rfe8 17. Ng3 d5 18. exd5 Bc5 19. Rxe8+ Rxe8 20. Nde2 Qb6 21. Nh1 Qd6 22. Nf4 Nc4 23. a3 Qe5 24. Qc2 Bd4 25. Ng3 Qe1+ 26. Nf1 Bf5 27. Qxf5 Bxf2+ 28. Kh2 Qxf1 0-1